| 000 | 00585nam a22001457a 4500 | ||
|---|---|---|---|
| 003 | MACL | ||
| 005 | 20190330153819.0 | ||
| 008 | 190330b xxu||||| |||| 00| 0 eng d | ||
| 040 | _cMACL | ||
| 100 |
_aकुमार,अशोक _974017 |
||
| 245 | _aजीत जाएंगे हम सफल लोगों का व्यक्तित्व प्रबंधन | ||
| 260 |
_aनई दिल्ली _bअनामिका पब्लिशर्स डिस्ट्री _c2018 |
||
| 650 |
_aसामान्य वर्ग _936 |
||
| 942 |
_2ddc _cHIN |
||
| 999 |
_c59170 _d59170 |
||